Structural analysis / (Record no. 12835)
[ view plain ]
| 000 -LEADER | |
|---|---|
| fixed length control field | 02397cam a22003734a 4500 |
| 001 - CONTROL NUMBER | |
| control field | 15542798 |
| 005 - DATE AND TIME OF LATEST TRANSACTION | |
| control field | 20081203134205.0 |
| 008 - FIXED-LENGTH DATA ELEMENTS--GENERAL INFORMATION | |
| fixed length control field | 081203s2009 njua 001 0 eng |
| 010 ## - LIBRARY OF CONGRESS CONTROL NUMBER | |
| LC control number | 2008279239 |
| 020 ## - INTERNATIONAL STANDARD BOOK NUMBER | |
| International Standard Book Number | 9789810680077(hbk.) |
| 020 ## - INTERNATIONAL STANDARD BOOK NUMBER | |
| International Standard Book Number | 9810680074(hbk.) |
| 040 ## - CATALOGING SOURCE | |
| Original cataloging agency | DLC |
| Transcribing agency | DLC |
| 050 00 - LIBRARY OF CONGRESS CALL NUMBER | |
| Classification number | TA645 |
| Item number | .H47 2009 |
| 082 ## - DEWEY DECIMAL CLASSIFICATION NUMBER | |
| Edition number | 22 |
| Classification number | 624.171 |
| Item number | HIB |
| 100 1# - MAIN ENTRY--PERSONAL NAME | |
| Personal name | Hibbeler, R. C. |
| 9 (RLIN) | 9075 |
| 245 10 - TITLE STATEMENT | |
| Title | Structural Analysis / |
| Statement of responsibility, etc | R.C. Hibbeler. |
| 250 ## - EDITION STATEMENT | |
| Edition statement | 7th ed. |
| 260 ## - PUBLICATION, DISTRIBUTION, ETC. (IMPRINT) | |
| Place of publication, distribution, etc | Singapore : |
| Name of publisher, distributor, etc | Pearson/Prentice Hall, |
| Date of publication, distribution, etc | c2009. |
| 300 ## - PHYSICAL DESCRIPTION | |
| Extent | xv, 667 p. : |
| Other physical details | ill. ; |
| Dimensions | 24 cm. |
| 500 ## - GENERAL NOTE | |
| General note | Includes index. |
| 650 #0 - SUBJECT ADDED ENTRY--TOPICAL TERM | |
| Topical term or geographic name as entry element | Structural analysis (Engineering) |
| 9 (RLIN) | 9076 |
| 942 ## - ADDED ENTRY ELEMENTS (KOHA) | |
| Source of classification or shelving scheme | Dewey Decimal Classification |
| Item type | Book - Borrowing |
| Withdrawn status | Item status | Source of classification or shelving scheme | Damaged status | Not for loan | Vendor | Home library | Current library | Shelving location | Date acquired | Source of acquisition | Cost, normal purchase price | Total Checkouts | Total Renewals | Full call number | Barcode | Date last seen | Date last borrowed | Cost, replacement price | Koha item type | Materials specified (bound volume or other part) |
|---|---|---|---|---|---|---|---|---|---|---|---|---|---|---|---|---|---|---|---|---|
| Lost and Paid For | Dewey Decimal Classification | Baccah | Central Library | Central Library | First floor | 22/10/2009 | 220.00 | 8 | 2 | 624.171 HIB | 000018465 | 10/03/2011 | 18/03/2010 | 275.00 | Book - Borrowing | |||||
| Dewey Decimal Classification | Baccah | Central Library | Central Library | First floor | 22/10/2009 | 220.00 | 624.171 HIB | 000029211 | 24/08/2022 | 275.00 | CD | DVD - With book | |||||||||
| Lost | Dewey Decimal Classification | Baccah | Central Library | Central Library | First floor | 22/10/2009 | 220.00 | 17 | 624.171 HIB | 000018510 | 24/11/2013 | 20/11/2013 | 275.00 | NB - Book (Non borrowing) | Lost In Inventory_2015-8-23 | |||||
| Lost | Dewey Decimal Classification | Baccah | Central Library | Central Library | First floor | 22/10/2009 | 220.00 | 624.171 HIB | 000018511 | 22/10/2009 | 275.00 | CD | DVD - With book | Lost In Inventory_2015-8-23 | |||||||
| Dewey Decimal Classification | Baccah | Central Library | Central Library | First floor | 22/09/2010 | 220.00 | 26 | 75 | 624.171 HIB | 000021828 | 15/07/2025 | 12/12/2016 | 275.00 | Book - Borrowing | ||||||
| Dewey Decimal Classification | Baccah | Central Library | Central Library | First floor | 22/09/2010 | 220.00 | 624.171 HIB | 000021829 | 24/08/2022 | 275.00 | CD | DVD - With book | |||||||||
| Lost | Dewey Decimal Classification | Baccah | Central Library | Central Library | First floor | 22/09/2010 | 220.00 | 1 | 2 | 624.171 HIB | 000021830 | 28/10/2010 | 07/10/2010 | 275.00 | Book - Borrowing | Lost In Inventory_2015-8-23 | ||||
| Dewey Decimal Classification | Baccah | Central Library | Central Library | First floor | 22/09/2010 | 220.00 | 624.171 HIB | 000021831 | 24/08/2022 | 275.00 | CD | DVD - With book | |||||||||
| Dewey Decimal Classification | Baccah | Central Library | Central Library | First floor | 22/09/2010 | 220.00 | 24 | 87 | 624.171 HIB | 000021832 | 15/07/2025 | 18/02/2017 | 275.00 | Book - Borrowing | ||||||
| Dewey Decimal Classification | Baccah | Central Library | Central Library | First floor | 22/09/2010 | 220.00 | 624.171 HIB | 000021833 | 24/08/2022 | 275.00 | CD | DVD - With book | |||||||||
| Dewey Decimal Classification | Central Library | Central Library | First floor | 09/05/2018 | 624.171 HIB | 000047734 | 15/07/2025 | Book - Borrowing | ||||||||||||
| Dewey Decimal Classification | Central Library | Central Library | First floor | 20/05/2018 | 624.171 HIB | 000047798 | 15/07/2025 | NB - Book (Non borrowing) | ||||||||||||
| Dewey Decimal Classification | Central Library | Central Library | First floor | 20/05/2018 | 624.171 HIB | 000047799 | 24/08/2022 | CD | DVD - With book (NB) | Lost In Inventory_2018-08-12 |